Score 0/20 Timer 06:00
0 Plays Today
% Correct
I did not know these Indians used steel.
96.1%
These will contain descriptions of weapons, and lists of private ownership.
95.5%
A small animal...like a badger, but incredibly ferocious
95.1%
What's a 'flank?'
93.8%
It keeps me warm.
92.7%
I went into town... and got caught.
91.7%
I guess they figured twice in one century was enough.
89.9%
My granddaughters. They spent two days sneaking here.
89.1%
I don't know. Two toughest kids on the block, I guess. Sooner or later, they're gonna fight.
88.8%
Yeah, well, so was my dad.
87.2%
% Correct
It was five to one. I got four.
86.7%
Your mamas would be real proud.
86.2%
There's half a million scarecrows in Denver who'd give anything for one mouthful of what you got.
85.9%
And they lost, Ernesto
83.4%
If a fox stole your chickens... Would you slaughter your pig because he saw the fox?
81.7%
Avenge me! Avenge me!
81.7%
Maybe you bring girlfriend?
81.5%
I'm never gonna forget... as long as I live.
71.4%
Forget the broad, just get her stuff.
71.1%
A member of an elite paramilitary organization: Eagle Scouts.
67.4%
Remove Ads.
Support Sporcle.
Get the best of Sporcle when you Go Orange. This ad-free experience offers more features, more stats, and more fun while also helping to support Sporcle. Thank you for becoming a member.

You're not logged in!

Compare scores with friends on all Sporcle quizzes.
OR
Log In

Show Comments

Extras

Top Quizzes Today


Score Distribution

Your Account Isn't Verified!

In order to create a playlist on Sporcle, you need to verify the email address you used during registration. Go to your Sporcle Settings to finish the process.

Report this User

Report this user for behavior that violates our Community Guidelines.

Details: